Justin Bieber - Toutes les chansons - Statistiques

Statistiques générales
  • Ce quiz a été pris 139 fois
  • Le résultat moyen est 37 sur 172
Statistiques - réponses
Hint Réponse % Correct
My World 2.0 1 Baby (featuring Ludacris)
95%
Purpose 4 Sorry
76%
Purpose 3 What Do You Mean?
73%
Purpose Deluxe 19 What Do You Mean? - Acoustic
73%
Believe 2 Boyfriend
69%
Purpose 5 Love Yourself
60%
Purpose 13 Purpose
60%
Justice 12 Peaches (featuring Daniel Caesar et Giveon)
58%
Under the Mistletoe 2 Mistletoe
55%
Journals 10 Confident featuring Chance The Rapper
54%
Singles 2009 One Time
54%
Changes 5 Yummy
53%
Changes 17 Yummy (Summer Walker Remix)
53%
Believe 13 Believe
52%
Believe 10 Beauty and a Beat (featuring Nicki Minaj)
49%
Singles 2012 Beauty and a Beat (featuring Nicki Minaj et Wideboys)
49%
Justice 11 Ghost
46%
Swag 2 Daisies
45%
Believe 18 Maria
45%
My World 2.0 8 Eenie Meenie (featuring Sean Kingston)
44%
Purpose 6 Company
42%
Swag 3 Yukon
42%
Believe 3 As Long as You Love Me (featuring Big Sean)
41%
Changes 13 Changes
40%
Justice 10 Somebody
40%
Swag 18 Swag (featuring Cash Cobain and Eddie Benjamin)
38%
Changes 4 Intentions
36%
My World 2.0 10 That Should Be Me
36%
Justice 16 Lonely (with Benny Blanco)
34%
Purpose 11 Where Are Ü Now (featuring Jack Ü)
34%
Journals 2 All That Matters
33%
Purpose 12 Children
33%
Journals 16 Flatline
33%
Purpose 1 Mark My Words
33%
My World 2.0 2 Somebody To Love
33%
Journals 1 Heartbreaker
32%
Swag 4 Go Baby
29%
My World 2.0 7 Overboard (featuring Jessica Jarrell)
29%
Collaborations 2021 STAY de The Kid LAROI
29%
Justice 1 2 Much
28%
Believe 1 All around the world (featuring Ludacris)
28%
Justice (The Complete Edition) 25 Hailey
28%
My World 2.0 6 Never Let You Go
28%
Believe 6 Right Here (featuring Drake)
27%
My World 2.0 4 U Smile
27%
Journals 15 Memphis featuring Big Sean
26%
Journals 12 Backpack featuring Lil Wayne
25%
Justice 9 Hold On
25%
Purpose 2 I'll Show You
25%
Purpose 7 No Pressure (featuring Big Sean)
25%
Believe 7 Fall
24%
Freedom. 1 Freedom (featuring BEAM)
24%
Justice 5 Holy (featuring Chance the Rapper)
22%
Purpose 10 Life Is Worth Living
22%
Purpose 8 No Sense (featuring Travis Scott)
22%
Journals 14 Swap It Out
22%
Swag 10 Walking Away
22%
Swag 1 All I Can Take
21%
Under the Mistletoe 7 All I Want for Christmas Is You (featuring Mariah Carey)
21%
Journals 5 Bad Day
21%
Justice 4 Off My Face
21%
Journals 8 Roller Coaster
21%
Believe 17 She Don't Like the Lights
21%
Swag 13 Dadz Love (featuring Lil B)
20%
Believe 8 Die in Your Arms
20%
Under the Mistletoe 10 Fa La La (A cappella) (featuring Boyz II Men)
20%
Under the Mistletoe 5 Fa La La (featuring Boyz II Men)
20%
Under the Mistletoe 14 Pray
20%
Journals 6 All Bad
19%
Justice 15 Anyone
19%
Swag 6 Butterflies
19%
Swag 8 First Place
19%
Journals 3 Hold Tight
19%
Collaborations 2020 Monster de Shawn Mendes
19%
Journals 7 PYD featuring R Kelly
19%
Believe 5 Take You
19%
Purpose 9 The Feeling (featuring Halsey)
19%
Changes 1 All Around Me
18%
Justice 3 As I Am (featuring Khalid)
18%
Believe 4 Catching Feelings
18%
Believe 11 One Love
18%
My World 2.0 5 Runaway Love
18%
Swag 5 Things You Do
18%
Justice 6 Unstable (featuring the Kid Laroi)
18%
Journals 9 Change Me
16%
Under the Mistletoe 11 Christmas Eve
16%
Journals 11 One Life
16%
Under the Mistletoe 4 Santa Claus Is Coming to Town
16%
My World 2.0 3 Stuck In The Moment
16%
Swag 20 Too Long
16%
Believe 12 Be Alright
15%
Swag 12 Devotion (featuring Dijon)
15%
Justice 8 Die for You (featuring Dominic Fike)
15%
Purpose Deluxe 15 Get Used to It
15%
Changes 2 Habitual
15%
Justice (The Complete Edition) 23 Red Eye (featuring TroyBoi)
15%
Swag 15 Sweet Spot (featuring Sexyy Red)
15%
Believe 9 Thought of You
15%
Journals 13 What's Hatnin featuring Future
15%
Collaborations 2019 10 000 hours de Dan + Shay
14%
Swag 17 405
14%
Justice (The Complete Edition) 24 Angels Speak
14%
Changes 3 Come Around Me
14%
Justice 2 Deserve You
14%
Changes 11 Get Me
14%
Justice (The Complete Edition) 22 Name (featuring Tori Kelly)
14%
Under the Mistletoe 13 Silent Night
14%
Swag 7 Way It Is (featuring Gunna)
14%
Purpose Deluxe 18 All in It
13%
Under the Mistletoe 6 Christmas Love (featuring Usher)
13%
Changes 12 E.T.A.
13%
Changes 7 Forever
13%
Collaborations 2019 I Don't Care de Ed Sheeran
13%
Justice (The Complete Edition) 19 Lifetime
13%
Believe 14 Love Me Like You Do
13%
Justice 13 Love You Different (featuring Beam)
13%
Believe 16 Out Of Town Girl
13%
Purpose Deluxe 17 Trust
13%
Purpose Deluxe 16 We Are
13%
Swag 19 Zuma House
13%
Changes 14 Confirmation
12%
Under the Mistletoe 8 Drummer Boy (featuring Busta Rhymes)
12%
Swag 11 Glory Voice Memo
12%
Singles 2022 Honest (featuring Don Toliver)
12%
Justice (The Complete Edition) 18 I Can't Be Myself (featuring Jade)
12%
Justice 14 Loved by You (featuring Burna Boy)
12%
Journals 4 Recovery
12%
Collaborations 2023 Snooze de SZA
12%
Swag 16 Standing on Business (featuring Druski)
12%
Swag 14 Therapy Session (featuring Druski)
12%
Justice (The Complete Edition) 17 There She Go (featuring Lil Uzi Vert)
12%
Under the Mistletoe 9 All I Want Is You
11%
Purpose Deluxe 14 Been You
11%
Justice (The Complete Edition) 21 Know No Better (featuring DaBaby)
11%
Under the Mistletoe 3 The Christmas Song (featuring Usher)
11%
Changes 6 Available
9%
Believe 15 Fairytale
9%
Swag 21 Forgiveness (performed by Marvin Winans)
9%
Collaborations 2019 No Brainer de DJ Khaled (featuring Quad, Chance The Rapper)
9%
Changes 10 Second Emotion
9%
Under the Mistletoe 15 Someday at Christmas
9%
Swag 9 Soulful (featuring Druski)
9%
Changes 15 That's What Love Is
9%
Changes 16 At Least For Now
8%
Collaborations 2022 attention de Omah Lay
8%
Singles 2017 Friends (featuring BloodPop)
8%
Singles 2012 Turn to You (Mother's Day Dedication)
8%
Justice (The Complete Edition) 20 Wish You Would (featuring Quavo)
8%
Freedom. 6 Afraid to Say (featuring Lauren Walters)
7%
Freedom. 2 All She Wrote (featuring Brandon Love and Chandler Moore)
7%
Collaborations 2021 Don't Go de Skrillex (featuring Don Toliver)
7%
Under the Mistletoe 12 Home This Christmas (featuring The Band Perry)
7%
Under the Mistletoe 1 Only Thing I Ever Get for Christmas
7%
Collaborations 2023 Private Landing de Don Toliver (featuring Future)
7%
Freedom. 3 We're in This Together
7%
Freedom. 5 Where Do I Fit In (featuring Tori Kelly, Chandler Moore, and Judah Smith)
7%
Collaborations 2021 Essence de Wizkid (featuring Tems)
6%
Singles 2022 I Feel Funny
6%
Believe 19 Just Like Them
6%
Changes 8 Running Over
6%
Changes 9 Take It Out On Me
6%
Collaborations 2013 Wait for a Minute de Tyga
6%
Freedom. 4 Where You Go I Follow (featuring Pink Sweats, Chandler Moore, and Judah Smith)
6%
Singles 2022 Beautiful Love (Free Fire)
5%
Collaborations 2022 up at night de Kehlani
5%
Collaborations 2019 bad guys de Billie Eilish
4%
Justice 7 MLK Interlude King
4%
My World 2.0 9 Up The Messengers
4%
Collaborations 2020 Mood de 24kGoldn (featuring J Balvin & iann dior)
2%
Singles 2020 Rockin' Around the Christmas Tree
2%
Singles 2020 Stuck With U de Ariana Grande
2%
Collaborations 2021 lonely christmas de Bryson Tiller (featuring Poo Bear)
1%
Aucun quiz correspondant
Distribution des résultats
% des personnes avec chaque résultat
Percentile par nombre de réponses
Votre historique - résultats
Vous n’avez pas pris ce quiz